000
00326 a2200133 4500
000
nam a22 7a 4500
100
_a
Brooks, Lyra
110
_a
Brooks, Lyra
245
_a
Microeconomics
250
_a
Latest edition
260
_b
Brilliance publications
_c
2025
264
_b
Brilliance publications
_c
2025
942
_c
BK
999
_c
395955
_d
395955